• 首页
  • 本馆介绍
  • 公告通知
  • 最新文献
  • 馆藏检索
  • 电子资源
  • 读者导购
  • 参考咨询
  • 我的图书馆
  • 登录
  • 详细信息显示
  • 放入我的书架
  • 预约/预借图书
  • 作者相关作品
  • 分类相关作品
  • 丛书相关作品
  • 出版社相关作品

书目信息

  • 表格格式
  • 工作单格式
  • 卡片格式
题名:
物业与水电气法律法规
    
 
作者: 叶浦芳 主编
分册: 下  
出版信息: 汕头   汕头大学出版社  2018.1
页数: 138页
开本: 22cm
丛书名: 消费与物业法律法规学习读本
单 册:
中图分类: D922.181.4
科图分类:
主题词: 物业管理--法规--中国--学习参考资料
电子资源:
ISBN: 978-7-5658-3332-8
000 01114oam2 2200253 45
001 012001000557
005 20180920143513.20
010    @a978-7-5658-3332-8@dCNY29.80
100    @a20180118d2018 em y0chiy0110 ea
101 0  @achi
102    @aCN@b440000
105    @ay z 000yy
106    @ar
200 1  @a物业与水电气法律法规@9Wu Ye Yu Shui Dian Qi Fa Lv Fa Gui@h下@f叶浦芳主编
210    @a汕头@c汕头大学出版社@d2018.1
215    @a138页@d22cm
225 2  @a消费与物业法律法规学习读本
330    @a本作品包括了广大人民群众应知应懂、实际实用的有关消费与物业法律法规,同时附录还列举了相应的解读解答、案例分析、实施细则、政策制度、应用表格等内容,用以配套辅导学习。本套作品共计2册,分别是:《消费者权益法律法规》 《物业与水电气法律法规》。其中《物业与水电气法律法规》包括《中华人民共和国物业法》《城市供水价格管理办法》《中华人民共和国电力法》等法律法规内容。
461  0 @12001 @a消费与物业法律法规学习读本
606 0  @a物业管理@x法规@y中国@j学习参考资料
690    @aD922.181.4@v5
701  0 @a叶浦芳@9Ye Pu Fang@4主编
801  0 @aCN@b上海新华@c20180901
905    @b1150792-96@dD922.181.4@e1875:2@f5
    
    物业与水电气法律法规.下/叶浦芳主编.-汕头:汕头大学出版社,2018.1
    138页;22cm.-(消费与物业法律法规学习读本)
    
    
    ISBN 978-7-5658-3332-8:CNY29.80
    本作品包括了广大人民群众应知应懂、实际实用的有关消费与物业法律法规,同时附录还列举了相应的解读解答、案例分析、实施细则、政策制度、应用表格等内容,用以配套辅导学习。本套作品共计2册,分别是:《消费者权益法律法规》 《物业与水电气法律法规》。其中《物业与水电气法律法规》包括《中华人民共和国物业法》《城市供水价格管理办法》《中华人民共和国电力法》等法律法规内容。
●
相关链接 在E读中查询图书 在五车中查询图书 在当当中查询图书 在豆瓣中查询图书


正题名:物业与水电气法律法规     索取号:D922.181.4/1875:2         预约/预借

序号 登录号 条形码 馆藏地/架位号 状态 备注
1 1150792   211507920   第一样本阅览室/ [索取号:D922.181.4/1875:2] 在馆    
2 1150793   211507939   第一借阅区/ [索取号:D922.181.4/1875:2] 在馆    
3 1150794   211507948   第一借阅区/ [索取号:D922.181.4/1875:2] 在馆    
4 1150795   211507957   第一借阅区/ [索取号:D922.181.4/1875:2] 在馆    
5 1150796   211507966   密集书库-史法系/ [索取号:D922.181.4/1875:2] 在馆    
唐山师范学院图书馆 欢迎您!
大连网信软件有限公司© 版权所有